Official Names of American Countries with a Map - Statistics

General Stats
  • This quiz has been taken 54 times
  • The average score is 26 of 35
Answers on the Map
Answers color-coded by a green-red scale on the quiz's map according to % correct below.
 
Answer Stats
Country % Correct
United States of America
100%
Canada
93%
Dominican Republic
88%
Republic of Chile
86%
Republic of Colombia
86%
Republic of Ecuador
86%
Republic of Paraguay
86%
Republic of Peru
86%
Republic of Suriname
86%
Republic of Costa Rica
83%
Republic of Cuba
83%
Republic of El Salvador
83%
Republic of Guatemala
83%
Republic of Haiti
83%
Republic of Nicaragua
83%
Republic of Panama
83%
Republic of Honduras
79%
Barbados
76%
Grenada
76%
Jamaica
76%
Antigua and Barbuda
74%
Belize
71%
Republic of Trinidad and Tobago
69%
Bolivarian Republic of Venezuela
64%
United Mexican States
64%
Argentine Republic
62%
Saint Lucia
62%
Saint Vincent and the Grenadines
62%
Commonwealth of The Bahamas
55%
Federative Republic of Brazil
55%
Oriental Republic of Uruguay
55%
Plurinational State of Bolivia
55%
Commonwealth of Dominica
50%
Co-operative Republic of Guyana
48%
Federation of Saint Kitts and Nevis
36%
No matching quizzes found
Score Distribution
Percent of People with Each Score
Percentile by Number Answered
Your Score History
You have not taken this quiz